A people and a nation : A history of the United States
A PEOPLE AND A NATION preserves the text's approach to American history as a story of all American people. Known for a number of strengths, including its well-respected author team and engaging narrative, the book emphasizes social history, giving particular attention to race and racial identit...
Na minha lista:
| Formato: | Livro |
|---|---|
| Idioma: | Undetermined |
| Publicado em: |
Boston, Massachusetts
Houghton Mifflin
1984
|
| Assuntos: | |
| Tags: |
Adicionar Tag
Sem tags, seja o primeiro a adicionar uma tag!
|
| Thư viện lưu trữ: | Trung tâm Học liệu Trường Đại học Cần Thơ |
|---|
| LEADER | 01014nam a2200205Ia 4500 | ||
|---|---|---|---|
| 001 | CTU_186472 | ||
| 008 | 210402s9999 xx 000 0 und d | ||
| 082 | |a 973 | ||
| 082 | |b P421/Vol.A | ||
| 245 | 2 | |a A people and a nation : | |
| 245 | 2 | |b A history of the United States | |
| 245 | 0 | |c Mary Beth Norton ...[et al.] | |
| 260 | |a Boston, Massachusetts | ||
| 260 | |b Houghton Mifflin | ||
| 260 | |c 1984 | ||
| 520 | |a A PEOPLE AND A NATION preserves the text's approach to American history as a story of all American people. Known for a number of strengths, including its well-respected author team and engaging narrative, the book emphasizes social history, giving particular attention to race and racial identity. Like its full-length counterpart, the Brief Eighth Edition focuses on stories of everyday people, cultural diversity, work, and popular culture. | ||
| 650 | |a United states,Hoa Kỳ | ||
| 650 | |x History,Lịch sử | ||
| 904 | |i Hải | ||
| 980 | |a Trung tâm Học liệu Trường Đại học Cần Thơ | ||